| 000 | 00345nam a2200133Ia 4500 | ||
|---|---|---|---|
| 005 | 20260328101524.0 | ||
| 008 | 260328s9999||||xx |||||||||||||| ||und|| | ||
| 100 | _aLanzargota Vallín, Juan | ||
| 245 | 0 |
_aDe Chile, Mole...y Arquitectura / _cJuan Lanzargota Vallín |
|
| 260 | _bEtxeta | ||
| 300 | _a167 p. | ||
| 650 | _aARQUITECTURA | ||
| 942 | _cBK | ||
| 999 |
_c9707 _d9707 |
||